000 01155nam a2200313 a 4500
001 000110927
003 CHAP
005 20220329144151.0
008 141024s2014 mx sm |||||||spa d
010 _a107389
011 _a108361
040 _cCHAP
090 _aTesis
100 1 _aGarcía Maldonado, Manolo
_9128685
245 1 0 _aDiseño y construcción de un torniquete y una barra de tiro al conjunto tracctor-implemento
_h[En línea]
_cpor Manolo García Maldonado.
260 _aChapingo, Méx. :
_bEl autor,
_c2014.
500 _aPara ver el contenido del material haga clic en la liga
502 _aTesis (Ing. Agr. Esp. en Mecánico Agrícola) -- UACH. Departamento de Ingeniería Mecánica Agrícola
590 _aE11695DGD
_b10
_c20141027
_lUCH01
_h0804
590 _aE5765TAJ
_b05
_c20141024
_lUCH01
_h1107
590 _aE5765TAJ
_b05
_c20141024
_lUCH01
_h1107
650 1 4 _aImplementos agrícolas.
_957480
650 1 4 _aMaquinaria agrícola
_xDiseño.
_971168
650 1 4 _aTractores
_xDiseño.
_9114577
856 _aFinding aid
_uhttp://10.13.5.2/tesis/sist110927.pdf
_zTeclea aquí
901 _aBK
942 _cTESIS
942 _n0
999 _c107389
_d107389